000 00825nam a2200253Ia 4500
003 OSt
005 20220918170709.0
006 a|||||r|||| 00| 0
007 ta
008 220917b |||||||| |||| 00| 0 eng d
020 _a9780415597470 (hbk)
_c695
024 _a257,733
037 _b202/2011-12, 21/10/2011, Classic Book Service
_cTextual
040 _aARTS
_cARTS
_beng
041 _2eng
_aeng
082 _aV213,6.P1, Q1
100 _aChandrashekhar Lalita
_930428
245 0 _aUndermining local democracy
_b Parallel governance in contemporary South India
260 _aLondon
_bRoutledge UK
_c2011
300 _axiii,225p.
_ccm.
650 _aHISTORY
942 _hV213,6.P1, Q1
_cTEXL
_2CC
999 _c135198
_d135198